| 000 | 00597nam a2200217 a 4500 | ||
|---|---|---|---|
| 005 | 20210219153446.0 | ||
| 008 | 991125n 000 0 u | ||
| 035 | _aUPN01000101042 | ||
| 100 | _aGoldhaber, Jeanne | ||
| 222 | _aYOUNG CHILDREN | ||
| 245 | _aSticky to dry; red to purple : exploring transformation with play dough | ||
| 300 | _a26-28 | ||
| 362 | _a48, No. 1, 1992 | ||
| 505 | _aAbril 1993 | ||
| 653 | 0 | _aACTIVIDADES DE CLASE | |
| 653 | 0 | _aCONSERVACION | |
| 653 | 0 | _aMATERIALES EDUCATIVOS | |
| 653 | 0 | _aNI\197OS DE PREESCOLAR | |
| 904 |
_aAC _b038853 |
||
| 905 | _aArticulo | ||
| 999 |
_c77396 _d77396 |
||